000 00405nam a22001337a 4500
020 _a99966846131
050 _aGF26.15
_b.E68
100 _aOtiende E. James
245 _aAn Introduction to Environmental Education
_cOtiende E. James,Ezaza P. William ,Boisvert Raymond
260 _aNairobi
_bNairobi University Press
_c1991
300 _a270p.
700 _aEzaza P. William ,Boisvert Raymond
942 _cGEN
999 _c3396
_d3396